Normal view
MARC view
Entry Uniform Title
001 - CONTROL NUMBER
- control field: 18015
003 - CONTROL NUMBER IDENTIFIER
- control field: dpl
005 - DATE AND TIME OF LATEST TRANSACTION
- control field: 20100903104550.0
008 - FIXED-LENGTH DATA ELEMENTS
- fixed length control field: 100903|||a|||||| | ||| d
040 ## - CATALOGING SOURCE
- Original cataloging agency: dpl
- Transcribing agency: dpl
130 ## - HEADING--UNIFORM TITLE
- Uniform title: Developing as a reflective secondary teacher series
670 ## - SOURCE DATA FOUND
- Source citation: Work cat.: (dpl)43460: Reflective teaching and learning :, 2008
670 ## - SOURCE DATA FOUND
- Source citation: Work cat.: (dpl)43460: Reflective teaching and learning :, 2008
